000 00438nam a2200181Ia 4500
001 20469
005 20260306172808.0
008 260306t2006||||xx |||||||||||||| ||spa||
041 _aESP
082 _a343.285
_bG23 T. 1
100 _aGarcía Belaunde, Domingo
_eAUT
245 0 _aLas constituciones del Perú
260 _c2006
300 _a371 páginas :
_c25 cm.
650 _aGEN
654 _aCDE
942 _cLIB
_dJUS
_fJUS
_2ddc
_n
999 _c20469
_d20469